01195nam a2200193Ia 4500001001100000003001000011008004100021040002500062041001300087100003200100245009200132250001100224260008700235300002700322500026200349501011400611520026200725650001400987L268-21648IT-CnALBA170116s9999||||xx |||||||||||||| ||und|| aIT-CnALBAcIT-CnALBA aITALIANO aRAVAGLIA GIOVANNI, CANONICO 0aARMONIE DIVINE. CORSO D'ISTRUZIONE RELIGIOSA PER LE SCUOLE MEDIE. VOL. II: LA MORALE.  a2a ed. a TO BO CT PAbSOCIETÀ ED. INTER. c1930 [1° Ed.:1920 - Ed.Ling.Originale: 1920] a194 p. (prefazione: 5) aFEDE E OPERE. LIBERO ARBITRIO. FINE DELL'UOMO. LEGGE NATURALE LEGGE SCRITTA I COMANDAMENTI. LEGGE ECCLESIASTICA. I PRECETTI DELLA CHIESA. LEGGE EVANGELICA. LE OPERE DI MISERICORDIA. LEGGE CIVILE. PECCATO. VIZI E VIRTÙ. TEOLOGALI. CARDINALI. I NOVISSIMI. M aSocietà San Paolo EM - Piazza San Paolo, 14 - 12051 ALBA (CN) (non commercial uses only) ® Copyright 2017 aFEDE E OPERE. LIBERO ARBITRIO. FINE DELL'UOMO. LEGGE NATURALE LEGGE SCRITTA I COMANDAMENTI. LEGGE ECCLESIASTICA. I PRECETTI DELLA CHIESA. LEGGE EVANGELICA. LE OPERE DI MISERICORDIA. LEGGE CIVILE. PECCATO. VIZI E VIRTÙ. TEOLOGALI. CARDINALI. I NOVISSIMI. M aCATECHESI